<?xml version='1.0' encoding='UTF-8'?>
  <record xmlns="http://www.loc.gov/MARC21/slim">
    <leader>00000ctm a22000007a 4500</leader>
    <controlfield tag="001">ocn965405475</controlfield>
    <controlfield tag="003">OCoLC</controlfield>
    <controlfield tag="005">20250913151936.1</controlfield>
    <controlfield tag="008">150211q14001500xx            000 0 lat d</controlfield>
    <datafield tag="040" ind1=" " ind2=" ">
      <subfield code="a">QGJ</subfield>
      <subfield code="b">dut</subfield>
      <subfield code="c">QGJ</subfield>
      <subfield code="d">OCLCL</subfield>
      <subfield code="d">OCLCQ</subfield>
    </datafield>
    <datafield tag="035" ind1=" " ind2=" ">
      <subfield code="a">(OCoLC)965405475</subfield>
    </datafield>
    <datafield tag="100" ind1="0" ind2=" ">
      <subfield code="a">Thomas,</subfield>
      <subfield code="c">à Kempis.</subfield>
      <subfield code="d">1380-1471.</subfield>
      <subfield code="4">aut</subfield>
    </datafield>
    <datafield tag="245" ind1="1" ind2="0">
      <subfield code="a">Libellus spiritualis exercitii /</subfield>
      <subfield code="f">UBU Hs. 384 (Hs 2 D 9)</subfield>
      <subfield code="c">Thomas à Kempis.</subfield>
    </datafield>
    <datafield tag="246" ind1="3" ind2=" ">
      <subfield code="a">Tractatus, excerpta, cetera ad spirituale exercitium spectantia</subfield>
    </datafield>
    <datafield tag="260" ind1=" " ind2=" ">
      <subfield code="a">[S.l.],</subfield>
      <subfield code="c">[ca. 1400-1500]</subfield>
    </datafield>
    <datafield tag="300" ind1=" " ind2=" ">
      <subfield code="a">102 fol. ;</subfield>
      <subfield code="c">ca. 122 x 95 mm.</subfield>
    </datafield>
    <datafield tag="336" ind1=" " ind2=" ">
      <subfield code="a">text</subfield>
      <subfield code="b">txt</subfield>
      <subfield code="2">rdacontent</subfield>
    </datafield>
    <datafield tag="337" ind1=" " ind2=" ">
      <subfield code="a">unmediated</subfield>
      <subfield code="b">n</subfield>
      <subfield code="2">rdamedia</subfield>
    </datafield>
    <datafield tag="338" ind1=" " ind2=" ">
      <subfield code="a">volume</subfield>
      <subfield code="b">nc</subfield>
      <subfield code="2">rdacarrier</subfield>
    </datafield>
    <datafield tag="340" ind1=" " ind2=" ">
      <subfield code="a">papier, perkament</subfield>
      <subfield code="k">1 kolom, 22 regels, littera hybrida.</subfield>
    </datafield>
    <datafield tag="500" ind1=" " ind2=" ">
      <subfield code="a">Retro-invoer Handschriften UB Utrecht.</subfield>
    </datafield>
    <datafield tag="500" ind1=" " ind2=" ">
      <subfield code="a">Bevat ook: Libellus de disciplina claustralium / Thomas à Kempis; De exterioris et interioris hominis compositione (Liber I, caput 26) / David de Augusta; Speculum monasticum / Arnulfus de Boeriis; Brevis admonitio spiritualis exercitii / Thomas a Kempis; De ordinatione vitae / Pseudo-Bonaventura; Admonitio de modo vivendi / Basilius Magnus (?); Similitudines Anselmi / Simeon of Durham; De octo signis humilitatis; De mutua consolatione devotus tractatus; Epilogus seu excerptum ex sentenciis sanctorum patrum; Admonitio regularis disciplinae.</subfield>
    </datafield>
    <datafield tag="500" ind1=" " ind2=" ">
      <subfield code="a">"De exterioris et interioris hominis compositione" bekend als: Profectus religiosorum.</subfield>
    </datafield>
    <datafield tag="500" ind1=" " ind2=" ">
      <subfield code="a">"Speculum monasticum" in handschrift ten onrechte toegeschreven aan Bernardus Claraevallensis.</subfield>
    </datafield>
    <datafield tag="524" ind1=" " ind2=" ">
      <subfield code="a">Te citeren als: Universiteitsbibliotheek Utrecht Hs. 384 (Hs 2 D 9).</subfield>
    </datafield>
    <datafield tag="561" ind1=" " ind2=" ">
      <subfield code="a">Geconfisqueerd ca. 1794 door de Franse bezettingstroepen in Limburg en herontdekt in Maastricht in 1839.</subfield>
    </datafield>
    <datafield tag="581" ind1=" " ind2=" ">
      <subfield code="a">P.A. Tiele, Catalogus codicum manu scriptorum Bibliothecae Universitatis Rheno-Trajectinae. I. Trajecti ad Rhenum / Hagae Comitis 1887. P. 129.</subfield>
    </datafield>
    <datafield tag="581" ind1=" " ind2=" ">
      <subfield code="a">A. Hulshof, Catalogus codicum manu scriptorum Bibliothecae Universitatis Rheno-Traiectinae. II. Traiecti ad Rhenum 1909. P. 59.</subfield>
    </datafield>
    <datafield tag="581" ind1=" " ind2=" ">
      <subfield code="a">S.G. Axters, De imitatione Christi. Een handschrifteninventaris. Kempen 1971. P. 83.</subfield>
    </datafield>
    <datafield tag="581" ind1=" " ind2=" ">
      <subfield code="a">J.M.M. Hermans, 'Elf kisten boeken uit het gouvernementsgebouw te Maastricht. Lotgevallen van de Limburgse handschriften en oude drukken, gevonden in 1839', in: Miscellanea Neerlandica. Opstellen voor Dr. Jan Deschamps ter gelegenheid van zijn zeventigste verjaardag, I. Onder red. van E. Cockx-Indestege &amp; F. Hendrickx. Leuven 1987. P.152-153 (fol. 23r-v).</subfield>
    </datafield>
    <datafield tag="581" ind1=" " ind2=" ">
      <subfield code="a">R. Newhauser &amp; I. Bejczy, A supplement to Morton W. Bloomfield et al. 'Incipits of Latin works on the virtues and vices, 1100-1500 A.D.'. Turnhout 2008. (= Instrumenta patristica et mediaevalia. Research on the inheritance of early and medieval 50). P. 42 nr. 0224a.</subfield>
    </datafield>
    <datafield tag="530" ind1=" " ind2=" ">
      <subfield code="a">Also available in online version.</subfield>
    </datafield>
    <datafield tag="655" ind1=" " ind2="7">
      <subfield code="a">Handschriften (vorm)</subfield>
      <subfield code="0">088143309</subfield>
      <subfield code="2">gtt</subfield>
    </datafield>
    <datafield tag="700" ind1="0" ind2=" ">
      <subfield code="a">David de Augusta.</subfield>
      <subfield code="t">Profectus religiosorum.</subfield>
      <subfield code="n">Liber 1, caput 26.</subfield>
      <subfield code="4">aut</subfield>
    </datafield>
    <datafield tag="700" ind1="0" ind2=" ">
      <subfield code="a">Arnulfus,</subfield>
      <subfield code="c">de Boeriis,</subfield>
      <subfield code="d">-1149.</subfield>
      <subfield code="4">aut</subfield>
      <subfield code="1">https://id.oclc.org/worldcat/entity/E39PCjFkCGWRWjHgJkk7mjdkH3</subfield>
    </datafield>
    <datafield tag="700" ind1="0" ind2=" ">
      <subfield code="a">Bernardus Claraevallensis,</subfield>
      <subfield code="e">dubious author.</subfield>
      <subfield code="4">dub</subfield>
    </datafield>
    <datafield tag="700" ind1="0" ind2=" ">
      <subfield code="a">Bonaventura,</subfield>
      <subfield code="d">1217-1274.</subfield>
      <subfield code="e">dubious author.</subfield>
      <subfield code="4">dub</subfield>
    </datafield>
    <datafield tag="700" ind1="0" ind2=" ">
      <subfield code="a">Basilius Magnus,</subfield>
      <subfield code="e">attributed name.</subfield>
      <subfield code="4">att</subfield>
    </datafield>
    <datafield tag="700" ind1="0" ind2=" ">
      <subfield code="a">Simon Dunelmensis.</subfield>
      <subfield code="d">ca. 1060-1130</subfield>
      <subfield code="e">aut.</subfield>
    </datafield>
    <datafield tag="710" ind1="2" ind2=" ">
      <subfield code="a">Gouvernementsgebouw (Maastricht)</subfield>
      <subfield code="e">former owner.</subfield>
      <subfield code="4">fmo</subfield>
      <subfield code="5">NL-UtRU</subfield>
    </datafield>
    <datafield tag="740" ind1="0" ind2=" ">
      <subfield code="a">Epilogus seu excerptum ex sententiis sanctorum patrum.</subfield>
    </datafield>
    <datafield tag="740" ind1="0" ind2=" ">
      <subfield code="a">Admonicio regularis disciplinae.</subfield>
    </datafield>
    <datafield tag="758" ind1=" " ind2=" ">
      <subfield code="a">Libellus spiritualis exercitii UBU Hs. 384 (Hs 2 D 9) (Text)</subfield>
      <subfield code="1">https://id.oclc.org/worldcat/entity/E39PCFt64rjrwcx9JCDJp8DRjC</subfield>
      <subfield code="4">https://id.oclc.org/worldcat/ontology/hasWork</subfield>
    </datafield>
    <datafield tag="776" ind1="0" ind2="8">
      <subfield code="i">Online version:</subfield>
      <subfield code="a">Thomas à Kempis,</subfield>
      <subfield code="t">Libellus spiritualis exercitii / Thomas à Kempis.</subfield>
      <subfield code="d">[S.l.], [ca. 1400-1500]</subfield>
    </datafield>
    <datafield tag="856" ind1="4" ind2="1">
      <subfield code="u">http://objects.library.uu.nl/reader/resolver.php?obj=002651031&amp;type=2</subfield>
      <subfield code="x">Online</subfield>
      <subfield code="z">Full Text</subfield>
    </datafield>
    <datafield tag="936" ind1=" " ind2=" ">
      <subfield code="a">BATCHLOAD</subfield>
    </datafield>
  </record>